000 01071cam a22002894a 4500
999 _c1291
_d1291
001 4995251
003 GZU
005 20201005120041.0
008 990319s2000 maua b 001 0 eng
010 _a 99026312
020 _a0205297714
040 _aDLC
_cDLC
_dDLC
042 _apcc
050 0 0 _aH62
_b.NEU 2000
100 1 _aNeuman, W. Lawrence
_q(William Lawrence),
_d1950-
_eauthor
245 1 0 _aSocial research methods :
_bqualitative and quantitative approaches /
_cW. Lawrence Neuman.
250 _a4th ed.
260 _aBoston :
_bAllyn and Bacon,
_cc2000.
300 _axiv, 558 p. :
_bill. ;
_c25 cm.
504 _aIncludes bibliographical references (p. 523-549) and indexes.
650 0 _aSociology
_xResearch
_xMethodology.
650 0 _aSocial sciences
_xResearch
_xMethodology.
906 _a7
_bcbc
_corignew
_d1
_eocip
_f19
_gy-gencatlg
942 _2lcc
_cBK
_e4th ed.
_h62
_iNEU
_kH